[Event "Tbilisi Municioality Cup 2010"]
[Site "?"]
[Date "2010.05.21"]
[Round "7.27"]
[White "Aghajanyan, Arsen"]
[Black "Ter-Karapetian, Alexi"]
[Result "1/2-1/2"]
[WhiteElo "1865"]
[BlackElo "2168"]
[PlyCount "66"]
[EventDate "2010.??.??"]
[SourceDate "2010.05.20"]

1. e4 e5 2. Nf3 Nc6 3. Bb5 a6 4. Ba4 Nf6 5. O-O Be7 6. Re1 b5 7. Bb3 O-O 8. h3
d6 9. c3 Nb8 10. d4 Nbd7 11. Nbd2 Bb7 12. Bc2 Re8 13. Nf1 Bf8 14. Ng3 g6 15. b3
Bg7 16. d5 Rc8 17. c4 bxc4 18. bxc4 c5 19. Rb1 Rb8 20. Ba4 Qc7 21. Bd2 Ba8 22.
Qc2 Rxb1 23. Rxb1 Rb8 24. Rxb8+ Nxb8 25. Qc3 Bf8 26. Qa5 Qc8 27. Bg5 Be7 28.
Bxf6 Bxf6 29. Qb6 Be7 30. Nd2 Qb7 31. Qxb7 Bxb7 32. Nb3 Bd8 33. Ne2 Kf8 1/2-1/2

[Event "Tbilisi Municioality Cup 2010"]
[Site "?"]
[Date "2010.05.21"]
[Round "7.28"]
[White "Iskandarov, Misratdin M.O"]
[Black "Tsereteli, Tamar"]
[Result "1-0"]
[WhiteElo "2175"]
[BlackElo "2402"]
[PlyCount "85"]
[EventDate "2010.??.??"]
[SourceDate "2010.05.20"]

1. f4 d5 2. b3 c5 3. Nf3 Nc6 4. e3 Bg4 5. Bb5 Qb6 6. Bxc6+ Qxc6 7. h3 Bxf3 8.
Qxf3 Nf6 9. Bb2 e6 10. d3 O-O-O 11. Nd2 h5 12. g3 Be7 13. O-O-O Ne8 14. e4 d4
15. Nc4 f6 16. g4 b5 17. Nd2 Nc7 18. gxh5 a5 19. Rhg1 Bf8 20. Rde1 Kb7 21. a4
bxa4 22. bxa4 Ka6 23. Nb3 Rb8 24. Kd2 Rh6 25. Ke2 e5 26. Bc1 c4 27. Nd2 Qxa4
28. Nxc4 Qxc2+ 29. Bd2 Ne6 30. Rc1 Nxf4+ 31. Qxf4 Qxc1 32. Qg4 Qc2 33. Qe6+ Ka7
34. Qf7+ Ka6 35. Rc1 Qa2 36. Qc7 Rb7 37. Qc8 f5 38. Nxa5 Qxd2+ 39. Kxd2 Bb4+
40. Ke2 Bxa5 41. Rc5 Bb6 42. Rc2 Ba5 43. Ra2 1-0

[Event "Tbilisi Municioality Cup 2010"]
[Site "?"]
[Date "2010.05.21"]
[Round "7.29"]
[White "Chigladze, Iveri"]
[Black "Vakhania, Alexandra"]
[Result "1-0"]
[WhiteElo "2386"]
[BlackElo "2188"]
[PlyCount "59"]
[EventDate "2010.??.??"]
[SourceDate "2010.05.20"]

1. d4 d5 2. c4 c6 3. Nf3 Nf6 4. Nc3 a6 5. e3 b5 6. b3 Bg4 7. Be2 e6 8. O-O Bd6
9. h3 Bh5 10. Nd2 Bg6 11. Re1 O-O 12. Bf3 Nbd7 13. Bb2 bxc4 14. e4 e5 15. exd5
exd4 16. Nxc4 dxc3 17. Bxc3 Nc5 18. Nxd6 Qxd6 19. Be5 Qd8 20. dxc6 Nd3 21. c7
Qc8 22. Bxa8 Nxe1 23. Bc6 Nc2 24. Rc1 Qe6 25. Bd6 Rc8 26. Bb7 Ne8 27. Bxc8 Qxc8
28. Bg3 Bf5 29. Qd8 Qe6 30. Rxc2 1-0

[Event "Tbilisi Municioality Cup 2010"]
[Site "?"]
[Date "2010.05.21"]
[Round "7.30"]
[White "Quparadze, Giga"]
[Black "Qalagashvili, Pridon"]
[Result "1-0"]
[WhiteElo "2348"]
[BlackElo "2161"]
[PlyCount "81"]
[EventDate "2010.??.??"]
[SourceDate "2010.05.20"]

1. e4 c5 2. Nf3 e6 3. d4 cxd4 4. Nxd4 Nf6 5. Nc3 d6 6. g4 a6 7. g5 Nfd7 8. Be3
b5 9. h4 Nb6 10. h5 N8d7 11. g6 hxg6 12. hxg6 Rxh1 13. gxf7+ Kxf7 14. Qf3+ Nf6
15. Qxh1 b4 16. Nce2 e5 17. Nf3 Nc4 18. Ng5+ Ke8 19. Bc1 Qa5 20. Qf3 Ra7 21.
Qb3 Qc5 22. Bh3 a5 23. Qf3 Re7 24. b3 Na3 25. Bxa3 bxa3 26. c4 a4 27. Nc3 axb3
28. axb3 d5 29. Bxc8 Qxc8 30. Nxd5 Nxd5 31. exd5 Qb8 32. Kf1 e4 33. Qh5+ Kd7
34. Ne6 Rxe6 35. Qf5 Qd6 36. dxe6+ Kc7 37. Qxe4 Be7 38. b4 Qd2 39. Qe5+ Bd6 40.
Qa5+ Kb7 41. Qd5+ 1-0